| 000 | 00369 a2200121 4500 | ||
|---|---|---|---|
| 001 | ART_3209 | ||
| 005 | 20260410161713.0 | ||
| 008 | 260409a | ||
| 245 | 1 | 0 | _aCrecimiento, distribución y bienestar |
| 100 | 1 | _aDiéguez, Héctor L. | |
| 700 | 1 | _aPetrecolla, Alberto | |
| 773 | 0 |
_tDesarrollo económico _g- Vol. 16, Nº 61 (abr./jun. 1976) _wREV1174 |
|
| 999 |
_c16241 _d16241 |
||